000 00537nam a22001817a 4500
005 20251108172328.0
008 250721s1991 xx 000 0 ara d
082 1 4 _a332.1/صال
100 1 _aالأرباح، صالح الأمين
245 1 0 _aإقتصاديات النقود و المصارف /
264 1 _aطرابلس ( ليبيا ) :
_bكلية المحاسبة غريان،
_c1991.
300 _a258ص
650 1 7 _aالنقود
650 1 7 _aليبيا
650 1 7 _aالبنوك
942 _2ddc
_cBK
999 _c76325
_d76325